000 00566nam a2200205 a 4500
005 20200104041536.0
008 140306b2001 stk|||||rm||| 00| 0 eng d
040 _aCO-BoIAVH
_cCO-BoIAVH
041 _aeng
090 _aTE
_b0130
100 _aPatiño, Sandra
245 _aSome thermal relationships of tropical flowers
260 _aEdimburgo
_bUniversity of Edinburgh
_c2001
300 _a158 Paginas
650 _aBotánica
650 _aFisiología vegetal
650 _aPlantas parásitas
662 _cAsia
942 _cTESIS
_2z
999 _c2776
_d2776